| 000 | 00652nam a2200205Ii 4500 | ||
|---|---|---|---|
| 003 | JO-AjNU | ||
| 008 | 230605s9999||||xx |||||||||||||| ||und|| | ||
| 040 |
_aJO-AjNU _bara _erda _cJO-AjNU |
||
| 041 | _aara | ||
| 050 | 1 | 4 | _aPJ7846.I23.A17 1981 |
| 100 | 3 |
_aتأليف المحضار،حسين أبو بكر, _eauthor _99178 |
|
| 245 | 0 | 0 | _aدموع العشاق |
| 250 | _aط4 | ||
| 264 | 3 | 1 | _aبيروت:دار العودة1981 |
| 300 | _a186ص | ||
| 336 |
_atext _btxt _2rdacontent |
||
| 337 |
_aunmediated _bn _2rdamedia |
||
| 338 |
_avolume _bnc _2rdacarrier |
||
| 650 | 4 |
_a الشعر العربي - اليمن - القرن العشرين _99179 |
|
| 999 |
_aA1165 _c4733 _d4733 |
||